000 00314nam a22001337a 4500
008 181023b xxu||||| |||| 00| 0 eng d
020 _a2740144704430
041 _aeng
080 _26 ED
_a981
100 _a45
101 _aMUZ
245 _aPrincipal Of Instrumental Analysis
_cHoller.S
942 _2udc
_cBK
999 _c50578
_d50578